[Event "ch-YUG w"]
[Site "Kotor YUG"]
[Date "2002.04.14"]
[Round "2"]
[White "Benderac,A"]
[Black "Petrovic,Ma"]
[Result "1-0"]
[WhiteElo "2313"]
[BlackElo "2243"]

1.d4 g6 2.e4 Bg7 3.Nc3 d6 4.Nge2 a6 5.Be3 Nd7 6.Qd2 b5 7.f4 Bb7 8.Ng3 Ngf6
9.d5 c5 10.Be2 h5 11.Bf3 Qa5 12.Nd1 Qxd2+ 13.Bxd2 Nb6 14.Ne3 Nfd7 15.c3 Na4
16.O-O-O c4 17.Kc2 Nac5 18.b3 cxb3+ 19.axb3 O-O 20.b4 Na4 21.Ne2 Rfc8 22.Kb3 Rc7
23.Rc1 a5 24.Rhd1 axb4 25.cxb4 Nac5+ 26.bxc5 Nxc5+ 27.Rxc5 dxc5 28.Bc3 c4+
29.Kb2 Bxc3+ 30.Nxc3 b4 31.Nb1 Ba6 32.Rd4 Bb5 33.e5 c3+ 34.Kc1 b3 35.d6 exd6
36.exd6 Rca7 37.Bxa8 Rxa8 38.Nxc3 Bd7 39.Kb2 Rb8 40.Ned5 Kg7 41.Rb4 Rxb4
42.Nxb4 Kf6 43.Kxb3 Ke6 44.Ne4 Bb5 45.Kc3 f5 46.Ng5+ Kxd6 47.Kd4 Bf1 48.g3 Bg2
49.Nd3 Bc6 50.Ne5 Be8 51.Ngf3 Ke6 52.Nh4 Kf6 53.Nhxg6 Ba4 54.Nh4 Be8 55.Kd5 Ba4
56.Kd6 Bc2 57.Nd7+ Kf7 58.Ke5 Ba4 59.Nf6 Bc2 60.Nxh5 Bb1 61.Nf6 Bc2 62.Nxf5 Kg6
63.Ne4 Bd1 64.Ne3 Bb3 65.f5+ Kf7 66.g4 Ba2 67.g5 Kg7 68.h4 Bb3 69.h5 Ba2
70.f6+ Kh8 71.g6 Bb3 72.Nd5 Ba2 73.f7 Kg7 74.h6+  1-0

[Event "Open"]
[Site "Dubai UAE"]
[Date "2002.04.15"]
[Round "1"]
[White "Galkin,A"]
[Black "Jasim,A"]
[Result "1-0"]
[WhiteElo "2570"]
[BlackElo "2280"]

1.e4 g6 2.d4 Bg7 3.Nc3 d6 4.Be3 c6 5.Qd2 b5 6.Nge2 Qc7 7.Nf4 Nf6 8.f3 Bb7
9.Qf2 O-O 10.Be2 a5 11.O-O b4  1-0

[Event "9th Hotel Opatija IM"]
[Site "Kastav CRO"]
[Date "2002.04.16"]
[Round "7"]
[White "Zufic,M"]
[Black "Kljako,D"]
[Result "1-0"]
[WhiteElo "2310"]
[BlackElo "2227"]

1.e4 g6 2.d4 Bg7 3.Nc3 d6 4.Be3 a6 5.Qd2 b5 6.Bd3 Nd7 7.a4 b4 8.Nce2 c5 9.Nf3 Qc7
10.c3 bxc3 11.Nxc3 Ngf6 12.O-O cxd4 13.Nxd4 Ne5 14.Rac1 Qb7 15.h3 Nxd3 16.Qxd3 O-O
17.Bg5 Nd7 18.Nd5 Nc5 19.Qe3 e6 20.Nf6+ Kh8 21.Qf4 Qxb2 22.Qh4 h5 23.Nc6 Nd7
24.Nxh5  1-0

[Event "XX Open"]
[Site "Metz FRA"]
[Date "2002.04.16"]
[Round "4"]
[White "Klinova,M"]
[Black "Gurevich,M"]
[Result "0-1"]
[WhiteElo "2432"]
[BlackElo "2641"]

1.e4 d6 2.d4 g6 3.Nc3 Bg7 4.Be3 a6 5.a4 Nf6 6.f3 O-O 7.Qd2 Nc6 8.Bc4 e5 9.d5 Nd4
10.Nge2 Nxe2 11.Nxe2 Nd7 12.g4 f5 13.gxf5 gxf5 14.O-O-O f4 15.Bf2 b5 16.Bd3 Bf6
17.h4 Nc5 18.a5 Bd7 19.b4 Nxd3+ 20.Qxd3 Kh8 21.Rdg1 Qe7 22.Nc3 Rac8 23.Kd2 Be8
24.Qf1 Bf7 25.Qd3 c5 26.Na2 cxb4 27.Nxb4 Rc4 28.c3 Qb7 29.Ra1 Ra8 30.Ra3 Rg8
31.Qf1 Be8 32.Rh2 Bd7 33.Qd3 Qc8 34.Qf1 Rg7 35.Rh1 Bd8 36.Rh2 Bf6 37.Rh1 Qb7
38.Rg1 Rf7 39.Qg2 Rf8 40.Qf1 Bc8 41.Rh1 Qe7 42.Ra1 Rg8 43.Rh2 Qe8 44.Qh1 Bb7
45.Rg2 Rf8 46.Qh3 Bc8 47.Qh1 Bd8 48.Rgg1 Be7 49.Rg2 Bf6 50.Rgg1 Rf7 51.Ra3 Bd8
52.Rg2 Rf6 53.Ra1 Rf8 54.Rgg1 Bf6 55.Rg2 Rc7 56.Bb6 Rg7 57.Rxg7 Kxg7 58.Bf2 Kh8
59.Ke2 Rg8 60.Kd2 Qh5 61.Ke2 Rg7 62.Rg1 Rg6 63.Qh2 Qh6 64.Nc6 Qf8 65.Kd2 Bd7
66.Nb4 Qc8 67.Bb6 Kg7 68.Bf2 Kf7 69.Bb6 Qc4 70.Qf2 Qb3 71.Kd3 Rxg1 72.Qxg1 Bh3
73.Bc7 Qc4+  0-1

[Event "XX Open"]
[Site "Metz FRA"]
[Date "2002.04.18"]
[Round "6"]
[White "Klinova,M"]
[Black "Bogza,O"]
[Result "1/2-1/2"]
[WhiteElo "2432"]
[BlackElo "2128"]

1.e4 d6 2.d4 g6 3.Nc3 Bg7 4.Be3 Nf6 5.f3 c6 6.Qd2 Qa5 7.h4 h5 8.Nh3 Bxh3
9.Rxh3 Nbd7 10.Be2 b5 11.a3 a6 12.Kf2 Rc8 13.Rhh1 Qc7 14.a4 O-O 15.Bd3 e5
16.dxe5 dxe5 17.Ne2 c5 18.c4 b4 19.Rhg1 Rfd8 20.g4 hxg4 21.Ng3 Nf8 22.h5 Qd7
23.Rad1 gxf3 24.Nf5 gxf5 25.exf5 Qxd3 26.Qxd3 Rxd3 27.Rxd3 Kh7 28.h6 Bxh6
29.Bxh6 Kxh6 30.Rd6 Nd7 31.Kxf3 a5 32.Rd2 Re8 33.Rd6 Rc8 34.Rd2 Re8 35.Rd6 Kh7
36.Ra6 e4+ 37.Ke3 Rc8 38.Kf4 Re8 39.Ke3 Re5 40.Kf4 Re8 41.Ke3 Re5  1/2-1/2

[Event "TCh-ISR"]
[Site "ISR"]
[Date "2002.04.19"]
[Round "9"]
[White "Kaplivatski,A"]
[Black "Tseitlin,Ma"]
[Result "0-1"]
[WhiteElo "2250"]
[BlackElo "2486"]

1.e4 g6 2.d4 Bg7 3.Nc3 d6 4.Be3 a6 5.Qd2 b5 6.Bd3 Nd7 7.Nf3 Bb7 8.a4 b4 9.Ne2 c5
10.c3 bxc3 11.bxc3 cxd4 12.cxd4 Ngf6 13.Nc3 O-O 14.Rb1 Rb8 15.O-O d5 16.Bf4 dxe4
17.Bxb8 Nxb8 18.Rxb7 exf3 19.Rfb1 Nc6 20.Qe3 fxg2 21.d5 Ng4 22.Qe4 Nce5 23.Be2 Nh6
24.Qxg2 Nf5 25.Ne4 Nd4 26.f4 Nd7 27.Bxa6 Nf5 28.Bb5 Nc5 29.Nxc5 Bd4+ 30.Kh1 Bxc5
31.Re1 Qa5 32.Rc1 Be3 33.Rf1 Qc3 34.Be2 Bc5 35.Qe4 Nd6 36.Qb1 Nxb7 37.Qxb7 Qd2
38.Bg4 Bd6 39.Qb5 Rb8 40.Qe2 Qxd5+ 41.Bf3 Qd4 42.a5 Rb2 43.Qe4 Qd2 44.Qa8+ Kg7
45.Bg2 Ra2 46.a6 Qe2 47.a7 Qe3 48.Qd5 Rxa7 49.f5 f6 50.Qe4 Qh6 51.h3 Rc7
52.Rg1 Rc3 53.Rd1 Rxh3+ 54.Kg1 Bc5+ 55.Kf1 Rh5 56.Rd5 Rh4 57.Qe2 Rh1+  0-1

[Event "XX Open"]
[Site "Metz FRA"]
[Date "2002.04.19"]
[Round "7"]
[White "Froehlich,P"]
[Black "Chatalbashev,B"]
[Result "1/2-1/2"]
[WhiteElo "2433"]
[BlackElo "2529"]

1.d4 g6 2.e4 Bg7 3.Nc3 d6 4.Nf3 a6 5.a4 Nf6 6.h3 O-O 7.Be3 b6 8.Bc4 e6 9.O-O Bb7
10.d5 exd5 11.exd5 Nbd7 12.Nd4 Re8 13.Re1 Ne4 14.Nxe4 Rxe4 15.c3 Qf6 16.b4 Rae8
17.Qd3 Bh6 18.Nc2 Bxe3 19.Rxe3 Rxe3 20.Nxe3 Ne5 21.Qd4 Kg7 22.a5 Nxc4 23.Qxc4 b5
24.Qxc7 Re7 25.Qd8 Qxc3 26.Rd1 Qc7 27.Qxc7 Rxc7 28.f4 h5 29.g4 hxg4 30.hxg4 Kf6
31.g5+ Ke7 32.Rd4 Bc8 33.Rd2 Bf5 34.Rh2 Rc1+ 35.Kf2 Rb1 36.Nxf5+ gxf5 37.Rh8 Rxb4
38.Ra8 Rxf4+ 39.Ke3 Re4+ 40.Kf3 Ra4 41.Ra7+ Kf8  1/2-1/2

[Event "chJ-POL b20"]
[Site "Trzebinia POL"]
[Date "2002.04.19"]
[Round "10"]
[White "Wojtaszek,R"]
[Black "Mista,A"]
[Result "1-0"]
[WhiteElo "2429"]
[BlackElo "2435"]

1.d4 d6 2.e4 g6 3.Nc3 Bg7 4.f4 Nf6 5.Nf3 O-O 6.Bd3 Nc6 7.e5 dxe5 8.fxe5 Nd5
9.Nxd5 Qxd5 10.c3 Bg4 11.Qe2 Rad8 12.Bf4 Bxf3 13.gxf3 Nxd4 14.cxd4 Qxd4 15.Be4 Bxe5
16.Bxe5 Qxe5 17.O-O f5 18.Qc4+ Kg7 19.Bxb7 Rd4 20.Rae1 Qxh2+ 21.Kxh2 Rxc4
22.Rxe7+ Kf6 23.Re2 Rd8 24.b3 Rc3 25.Ba6 Kg5 26.Rff2 Rd6 27.Bc4 Kf4 28.Kg2 g5
29.Rc2 Rxc2 30.Rxc2 h5 31.Kf2 g4 32.fxg4 hxg4 33.Be2 c6 34.a4 Rh6 35.Rc4+ Kg5
36.Rc5 Rh2+ 37.Kf1 Rh1+ 38.Kg2 Rh3 39.Bd1 Kh4 40.Rxf5 Rd3 41.Bc2 Rc3 42.Rf2 a5
43.Be4 Rg3+ 44.Kf1 Rxb3 45.Bxc6 Kh3 46.Rf7 Rb1+ 47.Ke2 Rb2+ 48.Kd3 g3 49.Rh7+ Kg4
50.Rg7+ Kh3 51.Kc4 Kh2 52.Kc5 Kh3 53.Kd6 Kh2 54.Kc7 Rb4 55.Rg5 Rh4 56.Kb6 Rh6
57.Kb5 Kh3 58.Bd5 Kh4 59.Re5 Kg4 60.Kxa5 Rd6 61.Bb7 Kf4 62.Re7 Rg6 63.Bg2 Rd6
64.Kb5 Rd2 65.Bb7 Rb2+ 66.Ka6  1-0

[Event "VIII Leonardo di Bona Open"]
[Site "Cutro ITA"]
[Date "2002.04.25"]
[Round "2"]
[White "Calzetta,M"]
[Black "Chatalbashev,B"]
[Result "1/2-1/2"]
[WhiteElo "2278"]
[BlackElo "2537"]

1.e4 g6 2.d4 Bg7 3.Nc3 d6 4.Be3 a6 5.Nf3 b5 6.Bd3 Nd7 7.e5 Bb7 8.e6 fxe6
9.Ng5 Nf8 10.O-O Nf6 11.Re1 Qd7 12.Bd2 h6 13.Nf3 Kf7 14.a4 b4 15.Ne4 Rb8
16.Nc5 Qc8 17.Nxb7 Qxb7 18.Qe2 a5 19.c3 Nd5 20.Nh4 Bf6 21.Bxg6+ Nxg6 22.Qxe6+ Kg7
23.Nf5+ Kf8 24.Nxh6 Ke8 25.Qf7+ Kd7 26.Qxg6 Rbf8 27.Qe4 Kc8 28.Nf5 e5 29.cxb4 exd4
30.bxa5 Re8 31.a6 Qc6 32.Qf3 Kd7 33.g3 Nb4 34.Qxc6+ Nxc6 35.b4 Ne5 36.Kg2 Nc4
37.Bf4 d3 38.Rxe8 Rxe8 39.Rd1 Nb2 40.Ra1 Bc3 41.b5 d2 42.Bxd2 Bxd2 43.h4 Nc4
44.h5 Ne5 45.f4 Ng4 46.Kf3 Nh2+ 47.Kg2 Ng4 48.Kf3 Nh2+ 49.Kg2  1/2-1/2

[Event "Open"]
[Site "Dubai UAE"]
[Date "2002.04.25"]
[Round "9"]
[White "Turov,M"]
[Black "Timofeev,Ar"]
[Result "1/2-1/2"]
[WhiteElo "2533"]
[BlackElo "2552"]

1.e4 d6 2.d4 g6 3.Nc3 Bg7 4.Be3 c6 5.f4 b5 6.e5 Nh6 7.Nf3 f6 8.h3 Nf7 9.Bd3 O-O
10.exf6 exf6 11.f5 Re8 12.Kf2 Bxf5 13.Bxf5 gxf5 14.Nh4 Qd7 15.Qf3 Ng5 16.Qxf5 b4
17.Qxd7 Nxd7 18.Nb1 Ne4+ 19.Kf3 Ng5+ 20.Kf2 Ne4+ 21.Kf3 Ng5+ 22.Kf2  1/2-1/2

[Event "Open"]
[Site "Dubai UAE"]
[Date "2002.04.25"]
[Round "9"]
[White "Vokarev,S"]
[Black "Jasim,A"]
[Result "1-0"]
[WhiteElo "2517"]
[BlackElo "2280"]

1.e4 g6 2.d4 Bg7 3.Nc3 d6 4.g3 Nc6 5.Be3 e5 6.dxe5 Nxe5 7.h3 Nf6 8.f4 Ned7
9.Bg2 O-O 10.Nge2 Re8 11.g4 h6 12.Ng3 Nb6 13.Qd3 Bd7 14.O-O-O Na4 15.Nxa4 Bxa4
16.Bd4 Bc6 17.Bf3 Nd7 18.Bxg7 Kxg7 19.h4 Nc5 20.Qe3 Qe7 21.Rde1 Qe6 22.Kb1 Qc4
23.h5 Ne6 24.hxg6 fxg6 25.f5 Ng5 26.Rxh6 Kxh6 27.Rh1+ Kg7 28.Qxg5 Rg8 29.Qe7+ Qf7
30.f6+  1-0

[Event "VIII Leonardo di Bona Open"]
[Site "Cutro ITA"]
[Date "2002.04.26"]
[Round "4"]
[White "Efimov,I"]
[Black "Chatalbashev,B"]
[Result "1/2-1/2"]
[WhiteElo "2446"]
[BlackElo "2537"]

1.d4 g6 2.e4 Bg7 3.Nc3 d6 4.f4 Nf6 5.Nf3 O-O 6.Bd3 Nc6 7.Be3 Ng4 8.Bg1 e5
9.d5 Nd4 10.h3 Nf6 11.fxe5 Nxf3+ 12.Qxf3 Nd7 13.exd6 cxd6 14.Be3 f5 15.O-O f4
16.Bxf4 g5 17.e5 Nxe5 18.Bxh7+ Kxh7 19.Qh5+ Kg8 20.Bxe5 dxe5 21.Rxf8+ Qxf8
22.Rf1 Bf5 23.d6 Qf6 24.Qf3 Qxd6 25.Qxf5 Rf8 26.Qd3 Qb6+ 27.Kh2 Rxf1 28.Qxf1 Qxb2
29.Qc4+ Kh7 30.Ne4 Qd4 31.Nxg5+ Kg6 32.Qxd4 exd4 33.Ne6 Be5+ 34.Kg1 Kf5 35.Nc5 Bg3
36.Kf1 b6 37.Nd3 Ke4 38.Ke2 b5 39.Nf2+ Kd5 40.Nh1 Be5 41.Kd3 Kc5 42.Nf2 Kb4
43.g4 a5 44.g5 Ka3 45.Ng4 Bh8 46.h4 Kxa2 47.h5 a4 48.h6 a3 49.g6 Kb2 50.g7 Bxg7
51.hxg7 a2 52.g8=Q a1=Q 53.Qb3+ Kc1 54.Nf2 Qa4  1/2-1/2

[Event "Bundesliga 2001-2"]
[Site "Hamburg GER"]
[Date "2002.04.27"]
[Round "14"]
[White "Agdestein,S"]
[Black "Rudolf,Hen"]
[Result "1/2-1/2"]
[WhiteElo "2572"]
[BlackElo "2321"]

1.e4 g6 2.d4 Bg7 3.Nc3 d6 4.Be3 a6 5.a4 b6 6.f4 Nd7 7.Nf3 Bb7 8.f5 gxf5 9.exf5 c5
10.d5 b5 11.axb5 Bxc3+ 12.bxc3 axb5 13.Bxb5 Bxd5 14.O-O Nf6 15.c4 Rxa1 16.Qxa1 Be4
17.Ng5 Bb7 18.Qa7 Qa8 19.Qxa8+ Bxa8 20.Ra1 O-O 21.Ra7 Ne5 22.Rxe7 h6 23.Nh3 Nfg4
24.Bf4 Be4 25.Nf2 Bxf5 26.Nxg4 Bxg4 27.Bxe5 dxe5 28.Rxe5 Rc8 29.Re7 Kg7 30.Ra7 Rd8
31.Rc7 Rd2 32.Rxc5 Rxc2 33.Ba4 Rc1+ 34.Kf2 Be6 35.Bb5 Rc3 36.Ke2 Rc2+ 37.Kf3 Rc3+
38.Ke4 Rc2 39.Kf3 Rc3+ 40.Ke4 Rc2 41.g3 Rxh2 42.Rc7 Rg2 43.Kf4 Rf2+ 44.Ke3 Rg2
45.Kf3 Rc2 46.c5 Rc3+ 47.Kf4 Kf6 48.Be2 Bd5 49.Bh5 Rc4+ 50.Ke3 Ke5 51.Re7+ Kf6
52.Rc7 Ke5 53.Re7+  1/2-1/2

[Event "59th ch-POL"]
[Site "Warsaw POL"]
[Date "2002.04.30"]
[Round "2"]
[White "Tomczak,Raf"]
[Black "Stryjecki,M"]
[Result "1-0"]
[WhiteElo "2384"]
[BlackElo "2456"]

1.e4 g6 2.d4 Bg7 3.Nc3 d6 4.f4 Nf6 5.Nf3 c5 6.Bb5+ Bd7 7.e5 Ng4 8.h3 cxd4
9.Qxd4 dxe5 10.fxe5 Bxb5 11.Qxd8+ Kxd8 12.hxg4 Bd7 13.Ng5 Ke8 14.e6 fxe6
15.Bd2 Na6 16.O-O-O e5 17.Rdf1 h6 18.Nf7 Rf8 19.Nxh6 Rxf1+ 20.Rxf1 Rc8 21.g5 Nc5
22.Be3 b5 23.a3 a5 24.Nd5 Be6 25.Rd1 Rc6 26.b4 axb4 27.Nxb4 Rc8 28.Nd5 Ne4
29.Rd3 Nd6 30.Nf6+ Kf8 31.Nh7+ Ke8 32.Nf6+ Kd8 33.Bb6+ Rc7 34.Nd5 Bxd5 35.Rxd5 Kd7
36.Bxc7 Kxc7 37.Ng4 Kc6 38.Rd3 e4 39.Rh3 Nf5 40.Kd2 Bd4 41.c3 Bg7 42.Rh7 Kd6
43.Nh6 Be5 44.Nxf5+ gxf5 45.g6 Ke6 46.g7 Kf7 47.g8=Q+ Kxg8 48.Rxe7 Bd6 49.Rb7 Bxa3
50.Rxb5 f4 51.Rf5 Bd6 52.c4 Kg7 53.c5 Bc7 54.c6 Kg6 55.Rf8 Kg5 56.Rf7 Ba5+
57.Ke2  1-0

[Event "59th ch-POL"]
[Site "Warsaw POL"]
[Date "2002.05.02"]
[Round "4"]
[White "Bobras,P"]
[Black "Krasenkow,M"]
[Result "0-1"]
[WhiteElo "2435"]
[BlackElo "2641"]

1.e4 d6 2.d4 g6 3.Nc3 Bg7 4.Nf3 Nf6 5.h3 O-O 6.Be3 c6 7.Qd2 b5 8.Bd3 Bb7
9.Bh6 b4 10.Ne2 c5 11.Ng3 d5 12.e5 Ne4 13.Bxe4 dxe4 14.Nf5 exf3 15.Bxg7 fxg2
16.Rg1 Be4 17.Qh6 Bxf5 18.O-O-O Nc6 19.dxc5 Nd4 20.Rd2 Re8 21.Rxg2 Qd5 22.Rg1 Qxc5  0-1

[Event "3rd Open"]
[Site "Backa Palanka YUG"]
[Date "2002.05.03"]
[Round "2"]
[White "Perunovic,Mil"]
[Black "Nikolic,Stani"]
[Result "1-0"]
[WhiteElo "2478"]
[BlackElo "2332"]

1.e4 d6 2.d4 g6 3.Nc3 Bg7 4.Bg5 Nc6 5.Nge2 Nf6 6.Qd2 h6 7.Bh4 g5 8.Bg3 Nh5
9.O-O-O Nxg3 10.hxg3 Bd7 11.f4 e6 12.d5 Ne7 13.dxe6 fxe6 14.e5 d5 15.fxg5 Ng8
16.Nf4 Qxg5 17.Rh5 Qe7 18.Ncxd5 exd5 19.Nxd5 O-O-O 20.Nxe7+ Nxe7 21.Qb4 Nc6
22.Qe4 Rhe8 23.Rxd7 Rxd7 24.Bb5 Re6 25.Qg4 Ree7 26.Rh1 Bxe5 27.c3 Rg7 28.Qf5 Rf7
29.Qe4 Bxg3 30.Qe8+ Nd8 31.Bxd7+ Rxd7 32.Rd1 Bf4+ 33.Kc2 Rxd1 34.Kxd1 Bg5
35.b4 a6 36.a4 b6 37.Kc2 Kb7 38.Qe4+ Kb8 39.Qc4 Kb7 40.Qd5+ Ka7 41.Qd7 Kb8
42.Qd3 Kb7 43.c4 Ka7 44.Qd7 Kb8 45.c5 bxc5 46.bxc5 Nb7 47.c6 Nd6 48.Kd3 Bf6
49.Qe6 Bg5 50.Qd5 Ka7 51.Qc5+ Kb8 52.Qa5  1-0

[Event "ch-UKR"]
[Site "Alushta UKR"]
[Date "2002.05.04"]
[Round "2"]
[White "Sivayev,A"]
[Black "Rogovski,V"]
[Result "0-1"]
[WhiteElo "2337"]
[BlackElo "2423"]

1.e4 g6 2.d4 Bg7 3.Nc3 d6 4.Nf3 Nf6 5.Bc4 c6 6.a4 O-O 7.O-O Nxe4 8.Nxe4 d5
9.Bd3 dxe4 10.Bxe4 Nd7 11.c3 Qc7 12.Bg5 h6 13.Be3 Nf6 14.Bd3 Nd5 15.Re1 c5
16.dxc5 Nxe3 17.Rxe3 Qxc5 18.Qb3 e6 19.Qb5 Qc7 20.Rd1 Bd7 21.Qb4 Rfd8 22.Be4 Be8
23.Ree1 Rab8 24.Qb3 b6 25.Nd4 a6 26.h3 Rd6 27.Nf3 Rbd8 28.Rxd6 Qxd6 29.Bc2 Qc5
30.Rd1 Rxd1+ 31.Bxd1 e5 32.Bc2 Bc6 33.Nd2 Bd5 34.Qb4 Qc6 35.Bb3 Bf8 36.Qg4 Bxb3
37.Nxb3 h5 38.Qh4 Qd5  0-1

[Event "3rd Open"]
[Site "Backa Palanka YUG"]
[Date "2002.05.04"]
[Round "3"]
[White "Krejic,I"]
[Black "Bogdan,D"]
[Result "0-1"]
[WhiteElo "2231"]
[BlackElo "2374"]

1.e4 d6 2.d4 g6 3.Nc3 Bg7 4.f4 a6 5.Nf3 b5 6.a4 b4 7.Nd5 a5 8.c3 e6 9.Ne3 Bb7
10.Bd3 Nf6 11.Qc2 O-O 12.O-O Nbd7 13.f5 exf5 14.exf5 c5 15.Nc4 Bxf3 16.Rxf3 d5
17.Nd6 Qb6 18.Nb5 cxd4 19.Nxd4 Ne5 20.Rf1 Rac8 21.Kh1 Nxd3 22.Qxd3 bxc3 23.bxc3 Ne4
24.Ra3 Bxd4 25.Qxd4 Qxd4 26.cxd4 Rc4 27.Raf3 Rfc8 28.Bh6 f6 29.fxg6 hxg6
30.h4 R8c6 31.Rb1 Kh7 32.Be3 Rb4 33.Ra1 Rcc4 34.g4 Rxa4 35.Rg1 Rc3 36.g5 Raa3  0-1

[Event "59th ch-POL"]
[Site "Warsaw POL"]
[Date "2002.05.04"]
[Round "6"]
[White "Gdanski,J"]
[Black "Stryjecki,M"]
[Result "1-0"]
[WhiteElo "2523"]
[BlackElo "2456"]

1.e4 g6 2.d4 Bg7 3.Nc3 d6 4.f4 Nf6 5.Nf3 c5 6.dxc5 Qa5 7.Bd3 Qxc5 8.Qe2 Bg4
9.Be3 Qa5 10.O-O O-O 11.Qe1 Bxf3 12.Rxf3 Nc6 13.a3 Ng4 14.Bd2 e6 15.Kh1 Qd8
16.Qg3 f5 17.h3 Nf6 18.Re1 Qd7 19.Qf2 d5 20.exd5 exd5 21.Bb5 Ne4 22.Nxe4 fxe4
23.Rb3 Rae8 24.Qxa7 Rf7 25.Qc5 Kh8 26.c3 Bf8 27.Qb6 Bh6 28.a4 Bxf4 29.Bxf4 Rxf4
30.a5 Rf6 31.Bxc6 Qxc6 32.Qxb7 Qc4 33.Qb5 Rc8 34.Qxc4 dxc4 35.Ra3 Re6 36.Ra4 Kg7
37.a6 e3 38.a7 Ra8 39.Re2 Re7 40.Kh2 Raxa7 41.Rxe3 Rxe3 42.Rxa7+ Kh6 43.h4 Re2
44.Rb7 Re3 45.g3 Kh5 46.Kh3 h6 47.Re7 Rd3 48.Re4 g5 49.hxg5 hxg5 50.Rxc4 Re3
51.b4 g4+ 52.Kg2 Re2+ 53.Kf1 Re3 54.Kf2 Rf3+ 55.Kg2 Rd3 56.b5  1-0

[Event "Capablanca Mem Premier I"]
[Site "Havana CUB"]
[Date "2002.05.06"]
[Round "1"]
[White "Del Rio Angelis,S"]
[Black "Franco Ocampos,Z"]
[Result "1-0"]
[WhiteElo "2495"]
[BlackElo "2510"]

1.e4 g6 2.d4 Bg7 3.Nc3 d6 4.f4 Nf6 5.Nf3 O-O 6.Bd3 Na6 7.O-O c5 8.d5 Bg4
9.h3 Bxf3 10.Rxf3 Nc7 11.a4 a6 12.a5 Nb5 13.Ne2 e6 14.c4 exd5 15.exd5 Nd4
16.Nxd4 cxd4 17.b4 Re8 18.Bb2 Ne4 19.f5 Nc3 20.Qf1 Be5 21.Qf2 Kh8 22.Rf1 Rg8
23.f6 Rb8 24.Qh4 b6 25.Bc1 bxa5 26.bxa5 Qxa5 27.Qh6 Qa4 28.h4 Qd7 29.h5 Qg4
30.Rh3  1-0

[Event "Capablanca Mem Mixto"]
[Site "Havana CUB"]
[Date "2002.05.08"]
[Round "3"]
[White "Fleitas,Y"]
[Black "Araque,R"]
[Result "1/2-1/2"]
[WhiteElo "2209"]
[BlackElo "2365"]

1.e4 g6 2.d4 Bg7 3.Nc3 d6 4.Nf3 Nf6 5.Be2 O-O 6.O-O c6 7.Re1 Bg4 8.Bf4 Nbd7
9.e5 dxe5 10.Nxe5 Bxe2 11.Qxe2 e6 12.Nxd7 Nxd7 13.Be5 Nxe5 14.dxe5 Qa5 15.Qe3 Rad8
16.a3 Rd7 17.f4 Qb6 18.Qxb6 axb6 19.Rad1 Rfd8 20.Kf2 g5 21.g3 gxf4 22.gxf4 Rxd1
23.Rxd1 Rxd1 24.Nxd1 f6 25.exf6 Bxf6 26.Ke3 Kf7 27.Ke4 Kg6 28.c3  1/2-1/2

[Event "Croatian Cup"]
[Site "Pula CRO"]
[Date "2002.05.08"]
[Round "2"]
[White "Muslija,I"]
[Black "Medak,B"]
[Result "1/2-1/2"]
[WhiteElo "2242"]
[BlackElo "2268"]

1.e4 d6 2.d4 g6 3.Nc3 Bg7 4.Be3 a6 5.Qd2 b5 6.O-O-O Bb7 7.f3 Nd7 8.Kb1 Rc8
9.Nge2 c5 10.dxc5 Nxc5 11.Bd4  1/2-1/2

[Event "Croatian Cup"]
[Site "Pula CRO"]
[Date "2002.05.08"]
[Round "2"]
[White "Leventic,I"]
[Black "Loncar,R"]
[Result "1/2-1/2"]
[WhiteElo "2443"]
[BlackElo "2436"]

1.e4 d6 2.d4 g6 3.Nc3 Bg7 4.Nf3 Nf6 5.Be3 O-O 6.h3 Nc6 7.Qd2 a6 8.a4 e5 9.dxe5 dxe5
10.Qxd8 Rxd8 11.Bc4 h6 12.O-O b6 13.Nd5 Nxd5 14.Bxd5 Bb7 15.Nd2 Rab8 16.c3 Na5
17.Bxb7 Nxb7 18.Nc4 Nd6 19.Nxd6 Rxd6 20.Rfd1 Rbd8 21.Rxd6 Rxd6 22.Kf1 f5
23.exf5 gxf5 24.Ke2 h5 25.g3 Kf7 26.c4 f4 27.gxf4 exf4 28.Bxf4 Rd4 29.Bxc7 Rxc4
30.Bxb6 Rc2+ 31.Kf3 Rxb2 32.Be3 Rxf2+ 33.Bxf2 Bxa1 34.Kf4 Kg6 35.Ke4 Kg5
36.Be1 Bf6 37.Bg3 Bd8 38.Bf2 Be7 39.Ke5 Bd8 40.Be1 Bc7+ 41.Ke4  1/2-1/2

[Event "Dutch Team Playoffs"]
[Site "Enschede NED"]
[Date "2002.05.09"]
[Round "1"]
[White "De Vreugt,D"]
[Black "Van Wissen,M"]
[Result "1-0"]
[WhiteElo "2457"]
[BlackElo "2289"]

1.e4 g6 2.d4 Bg7 3.Nc3 d6 4.Be3 a6 5.Be2 b5 6.f4 Bb7 7.Bf3 b4 8.Nb1 Nf6 9.Nd2 Nbd7
10.c3 a5 11.Ne2 O-O 12.O-O e5 13.Qc2 Qe7 14.cxb4 axb4 15.Ng3 Bh6 16.Ne2 exd4
17.Bxd4 c5 18.Bf2 Rfe8 19.Rfe1 Qd8 20.g4 Bg7 21.g5 Nh5 22.Bxh5 gxh5 23.Ng3 d5
24.Nxh5 dxe4 25.Nxg7 Kxg7 26.Be3 Qb6 27.Nf1 Qe6 28.Qg2 Kh8 29.b3 Rac8 30.Rad1 Ba6
31.Ng3 Rcd8 32.Bc1 Bb7 33.Bb2+ Kg8 34.Nh5 Bd5 35.Rxd5  1-0

[Event "TCh-NOR Finals"]
[Site "Oslo NOR"]
[Date "2002.05.09"]
[Round "2"]
[White "Areklett,I"]
[Black "Saether,O"]
[Result "0-1"]
[WhiteElo "2099"]
[BlackElo "2169"]

1.e4 d6 2.d4 g6 3.Nc3 Bg7 4.Bg5 c6 5.Qd2 b5 6.f4 Nf6 7.Bd3 O-O 8.Nf3 Bg4
9.O-O Qb6 10.Ne2 c5 11.c3 Nc6 12.dxc5 dxc5 13.Kh1 c4 14.Bc2 Rfd8 15.Qe1 h6
16.Bh4 Rd7 17.h3 Bxf3 18.Rxf3 e5 19.f5 g5 20.Bf2 Qd8 21.Be3 a6 22.g4 Qe7
23.Ng3 Rb8 24.Qe2 Rc7 25.Rff1 b4 26.Rfd1 bxc3 27.bxc3 Na5 28.Qf2 Qa3 29.Ne2 Rc6
30.Bc1 Qe7 31.Be3 Qa3 32.Bc1 Qe7 33.Be3 Qa3 34.Qg3 Qe7 35.Bd4 Nd7 36.Ba4 exd4
37.Bxc6 Nxc6 38.Nxd4 Qxe4+ 39.Qf3 Qxf3+ 40.Nxf3 Nde5 41.Nxe5 Bxe5 42.Rd5 Bxc3
43.Rc1 Nb4 44.Ra5 Bd2 45.Rxc4 Rb6 46.Rc7 Nd3 47.Rc8+ Kg7 48.Rd5 Rb1+ 49.Kh2 Bf4+
50.Kg2 Rb2+ 51.Kf3 Rf2+ 52.Ke4 Nb4 53.Rdd8 Re2+ 54.Kf3 Rxa2 55.Rg8+ Kf6 56.Rce8 Ra3+
57.Kf2 Rxh3 58.Rh8 Rh2+ 59.Kg1 Rh4 60.Kf1 Bd6 61.Rd8 Be7 62.Rd4 a5 63.Ra8 h5
64.Rxa5 Rxg4 65.Rd7 Re4 66.Rb5 Nc2 67.Rbb7 Ne3+ 68.Kg1 Nxf5 69.Rb5 Re5 70.Rb6+ Re6
71.Rb4 Bd6 72.Rbb7 Re7 73.Rxd6+ Nxd6 74.Rb8 Kf5 75.Rh8 Kg4 76.Ra8 f5 77.Kg2 h4
78.Ra4+ Ne4 79.Kh2 Rd7 80.Ra5 Rd2+ 81.Kg1 f4 82.Re5 Kf3 83.Re8 h3 84.Kf1 Rd1+  0-1

[Event "ch-UKR w"]
[Site "Alushta UKR"]
[Date "2002.05.10"]
[Round "8"]
[White "Zavgorodnya,O"]
[Black "Mokriak,L"]
[Result "1/2-1/2"]
[WhiteElo "2031"]
[BlackElo "2261"]

1.e4 g6 2.d4 d6 3.Nc3 Bg7 4.g3 Nd7 5.Bg2 Ngf6 6.f4 O-O 7.e5 Ne8 8.Nf3 c5
9.dxc5 Nxc5 10.O-O Bg4 11.Be3 Rc8 12.h3 Be6 13.a4 b6 14.Qd2 Qd7 15.Kh2 dxe5
16.fxe5 Qxd2 17.Bxd2 Nc7 18.Bg5 Rfe8 19.Rfd1 h6 20.Be3 Red8 21.a5 Nd5 22.Nxd5 Bxd5
23.axb6 axb6 24.Bd4 Ne6 25.Bc3 b5 26.Ne1 Bxg2 27.Kxg2 Ng5 28.Rxd8+ Rxd8 29.Nd3 Rc8
30.Ra3 f6 31.exf6 Bxf6 32.Rb3 Ne4 33.Nf4 Nxc3 34.bxc3 Rxc3 35.Rxc3 Bxc3 36.Nxg6 Kf7
37.Nf4 Be5 38.Nd3 Ke6 39.Kf3 Bd6 40.g4 Kd5 41.h4 Kd4 42.g5 hxg5 43.hxg5 b4
44.Nf2 Bc7 45.Ne4  1/2-1/2

[Event "Mitropa Cup"]
[Site "Leipzig GER"]
[Date "2002.05.10"]
[Round "8"]
[White "Pavasovic,D"]
[Black "Touzane,O"]
[Result "1-0"]
[WhiteElo "2567"]
[BlackElo "2352"]

1.e4 g6 2.d4 Bg7 3.Nc3 d6 4.Be3 a6 5.f4 b5 6.Bd3 Bb7 7.Nf3 Nd7 8.e5 c5 9.Be4 Qc8
10.Ng5 Nb6 11.dxc5 dxc5 12.Bxc5 Qxc5 13.Bxb7 Rd8 14.Qf3 b4 15.Qc6+ Qxc6 16.Bxc6+ Kf8
17.Na4 Nxa4 18.Bxa4 Bh6 19.h4 Bxg5 20.hxg5 e6 21.Rd1 Rxd1+ 22.Kxd1 Ne7 23.Ke2 Kg7
24.Bb3 Ra8 25.Rd1 Ra7 26.Rd6 Nf5 27.Rb6 a5 28.Bc4 h6 29.gxh6+ Kxh6 30.Ra6 Rxa6
31.Bxa6 Kh5 32.Bd3 Ne7 33.Kf3 g5 34.Be4 Nc8 35.c4 bxc3 36.bxc3 Nb6 37.Bc6 Nc4
38.Bb5 Nd2+ 39.Ke2 gxf4 40.Kxd2 a4 41.a3  1-0

[Event "Croatian Cup"]
[Site "Pula CRO"]
[Date "2002.05.11"]
[Round "5"]
[White "Ivanovic,Z"]
[Black "Loncar,R"]
[Result "0-1"]
[WhiteElo "2232"]
[BlackElo "2436"]

1.e4 g6 2.d4 Bg7 3.Nc3 d6 4.f4 Nf6 5.Nf3 O-O 6.e5 Ne8 7.Be3 c5 8.dxc5 Nc6
9.cxd6 exd6 10.Bc4 Bg4 11.O-O Bxf3 12.Qxf3 dxe5 13.Bc5 Nd6 14.Bd5 Nd4 15.Qf2 Qc7
16.b4 N4f5 17.Rad1 exf4 18.Ne4 Nxe4 19.Bxe4 Ne3 20.Bxe3 fxe3 21.Qxe3 Rae8
22.Qf3 Re7 23.a3 Be5 24.g3 h5 25.Kg2 Bg7 26.Qf4 Qc4 27.Bd3 Qc6+ 28.Qf3 Qa4
29.Be4 b6 30.Rf2 Qe8 31.Bc6 Qc8 32.c4 Re5 33.Rdf1 Kh7 34.Bd5 f5 35.Re2 Rxe2+
36.Qxe2 Re8 37.Qf2 Qa6 38.Bf7 Rf8 39.Bd5 Qxa3 40.b5 Re8 41.Re1 Bd4 42.Qf1 Qb2+
43.Kh1 Rxe1 44.Qxe1 Bc5 45.Qe6 Kh6 46.Qe1 Qd4 47.Kg2 Kg7 48.Qe6 h4 49.Qe2 hxg3
50.hxg3 Qa1 51.Kh3 Qc3 52.Kg2 Bd6 53.Qf3 Qe5  0-1

[Event "XI MKD-Cup"]
[Site "Stip MKD"]
[Date "2002.05.11"]
[Round "4"]
[White "Mitkov,M"]
[Black "Jordanov,D"]
[Result "1-0"]
[WhiteElo "2391"]
[BlackElo "2126"]

1.d4 d6 2.e4 g6 3.Nc3 Bg7 4.Be3 c6 5.Nf3 Nf6 6.h3 O-O 7.a4 b6 8.Be2 Na6 9.O-O Nc7
10.Qd2 a6 11.Bh6 b5 12.axb5 axb5 13.Rxa8 Nxa8 14.Bxg7 Kxg7 15.e5 Ng8 16.exd6 exd6
17.d5 cxd5 18.Nxd5 Bd7 19.Nd4 Qb8 20.Qc3 f6 21.Qa5 Rc8 22.Ra1 Rc5 23.Qxa8 Qxa8
24.Rxa8 Rxd5 25.c3 f5 26.Ra7 Nf6 27.Bxb5 Rxb5 28.Nxb5  1-0

[Event "52nd ch-RUS w"]
[Site "Elista RUS"]
[Date "2002.05.12"]
[Round "3"]
[White "Druzhinina,O"]
[Black "Fominykh,M"]
[Result "1-0"]
[WhiteElo "2261"]
[BlackElo "2163"]

1.e4 d6 2.d4 g6 3.Nc3 Bg7 4.Nf3 Nf6 5.Be2 O-O 6.h3 c5 7.d5 b5 8.Nd2 b4 9.Ncb1 e6
10.dxe6 Bxe6 11.O-O Nc6 12.c3 a5 13.f4 d5 14.e5 Ne8 15.Nf3 f6 16.Be3 Qe7
17.Bb5 Na7 18.Bxe8 Rfxe8 19.Bf2 fxe5 20.fxe5 Nc6 21.Re1 h6 22.Nbd2 Bf7 23.Qa4 Nxe5
24.Nxe5 Bxe5 25.Nf3 Qf6 26.Nxe5 Rxe5 27.Rxe5 Qxe5 28.Qc6 Rb8 29.Qxc5 Qe2
30.Qd6 Rc8 31.Re1 Qd2 32.Re7 Rf8 33.Bd4 Qg5 34.Be3 Qh4 35.Bf2 Qg5 36.Be3 Qh4
37.Bc5 bxc3 38.bxc3 Qg5 39.Bd4 Qf5 40.Be5 Rc8 41.Kh2 a4 42.a3 Rf8 43.Qc6 Qg5
44.Qd7 h5 45.Qd6 h4 46.Qd7 Qe3 47.Qxa4 Qg5 48.Qd7 Ra8 49.a4 Qf5 50.Qb7 Rc8
51.a5 d4 52.cxd4 Rc1 53.Re8+  1-0